[Event "BCF-chT3N 1920 (4NCL)"]
[Site "England"]
[Date "2019.11.10"]
[Round "2.33"]
[White "Bennion, David"]
[Black "Adams, Philip"]
[Result "0-1"]
[WhiteElo "1907"]
[BlackElo "2042"]
[PlyCount "42"]
[EventDate "2019.11.09"]
[EventType "team-swiss"]
[EventRounds "11"]
[EventCountry "ENG"]
[SourceTitle "EXT 2022"]
[Source "ChessBase"]
[SourceDate "2021.10.06"]
[SourceVersion "1"]
[SourceVersionDate "2021.10.06"]
[SourceQuality "1"]
[WhiteTeam "Shropshire II"]
[BlackTeam "3C's II"]
[WhiteTeamCountry "ENG"]
[BlackTeamCountry "ENG"]

1. e4 c6 2. d4 d5 3. exd5 cxd5 4. c4 Nf6 5. Nc3 g6 6. Nf3 Bg7 7. cxd5 Nxd5 8. Bc4 Nxc3 9. bxc3 0-0 10. h4 Qc7 11. Qb3 Nc6 12. Ng5 e5 13. Bxf7+ Rxf7 14. h5 exd4 15. Nxf7 Qxf7 16. hxg6 hxg6 17. Qxf7+ Kxf7 18. Rb1 dxc3 19. Rh4 b6 20. Rf4+ Kg8 21. Rc4 Bf5 0-1

[Event "BCF-chT3N 1920 (4NCL)"]
[Site "England"]
[Date "2019.11.09"]
[Round "1.63"]
[White "Johnson, Michael D"]
[Black "Bennion, David"]
[Result "1-0"]
[WhiteElo "1942"]
[BlackElo "1907"]
[PlyCount "113"]
[EventDate "2019.11.09"]
[EventType "team-swiss"]
[EventRounds "11"]
[EventCountry "ENG"]
[SourceTitle "EXT 2022"]
[Source "ChessBase"]
[SourceDate "2021.10.06"]
[SourceVersion "1"]
[SourceVersionDate "2021.10.06"]
[SourceQuality "1"]
[WhiteTeam "Spirit of Atticus II"]
[BlackTeam "Shropshire II"]
[WhiteTeamCountry "ENG"]
[BlackTeamCountry "ENG"]

1. Nf3 d5 2. g3 Nc6 3. d4 f6 4. c4 e6 5. Bg2 dxc4 6. Qa4 Bb4+ 7. Bd2 Qd6 8. a3 Bxd2+ 9. Nbxd2 Bd7 10. Qxc4 Nh6 11. e3 Na5 12. Qc3 Qa6 13. b4 Nc6 14. a4 Qb6 15. Rb1 Ne7 16. Nc4 Qa6 17. b5 Qxa4 18. Rb4 Nd5 19. Rxa4 Nxc3 20. Rb4 Nxb5 21. Nfd2 c6 22. 0-0 Ke7 23. Ra1 Rac8 24. Na3 a6 25. Nac4 Nf5 26. Ne4 Rhd8 27. Bh3 Rb8 28. Nc5 g6 29. Nb6 Be8 30. Nc4 h5 31. Rb2 h4 32. g4 Nh6 33. g5 fxg5 34. Ne5 Nf5 35. Ne4 g4 36. Bxg4 Nfxd4 37. exd4 Rxd4 38. f3 Rd5 39. Nc4 Nd4 40. Kf2 Rb5 41. Rd1 Rxb2+ 42. Nxb2 Nf5 43. Nc5 a5 44. Nc4 a4 45. Nb6 a3 46. Bxf5 gxf5 47. Ra1 Rd8 48. Ke3 f4+ 49. Kxf4 Rd2 50. Rxa3 Rxh2 51. Re3 Bg6 52. Rxe6+ Kf7 53. Nc4 Kg7 54. Ne5 Bf7 55. Re7 Rg2 56. Rxf7+ Kh8 57. Rf5 1-0

[Event "BCF-chT3N 1819 (4NCL)"]
[Site "England"]
[Date "2019.05.05"]
[Round "10.16"]
[White "Shaw, Peter"]
[Black "Bennion, David"]
[Result "1-0"]
[WhiteElo "2085"]
[BlackElo "1930"]
[PlyCount "67"]
[EventDate "2018.11.10"]
[EventType "team-swiss"]
[EventRounds "11"]
[EventCountry "ENG"]
[SourceTitle "EXT 2021"]
[Source "ChessBase"]
[SourceDate "2020.10.23"]
[SourceVersion "1"]
[SourceVersionDate "2020.10.23"]
[SourceQuality "1"]
[WhiteTeam "White Rose II"]
[BlackTeam "Shropshire"]
[WhiteTeamCountry "ENG"]
[BlackTeamCountry "ENG"]

1. d4 Nf6 2. c4 e5 3. dxe5 Ng4 4. Bf4 Nc6 5. Nf3 Bb4+ 6. Nbd2 Qe7 7. e3 Ncxe5 8. Nxe5 Nxe5 9. Be2 0-0 10. a3 Bxd2+ 11. Qxd2 d6 12. 0-0 f5 13. Bg3 Be6 14. c5 Rad8 15. cxd6 cxd6 16. Rac1 g5 17. Rc3 Ng6 18. f3 f4 19. Bf2 Qg7 20. Rfc1 Qf6 21. Rc7 Ne5 22. Rxb7 Rc8 23. Rcc7 Rxc7 24. Rxc7 Qd8 25. Qc3 Qf6 26. Qd4 g4 27. exf4 gxf3 28. fxe5 dxe5 29. Qe4 Bf5 30. Qxf3 e4 31. Bc4+ Kh8 32. Qc3 Qxc3 33. bxc3 Re8 34. Bd4+ 1-0

[Event "BCF-chT3N 1819 (4NCL)"]
[Site "England"]
[Date "2018.11.11"]
[Round "2.35"]
[White "Bennion, David"]
[Black "Anderson, Paul W"]
[Result "1-0"]
[WhiteElo "1930"]
[BlackElo "1757"]
[PlyCount "41"]
[EventDate "2018.11.10"]
[EventType "team-swiss"]
[EventRounds "11"]
[EventCountry "ENG"]
[SourceTitle "EXT 2021"]
[Source "ChessBase"]
[SourceDate "2020.10.23"]
[SourceVersion "1"]
[SourceVersionDate "2020.10.23"]
[SourceQuality "1"]
[WhiteTeam "Shropshire"]
[BlackTeam "Jorvik"]
[WhiteTeamCountry "ENG"]
[BlackTeamCountry "ENG"]

1. e4 e5 2. f4 d5 3. exd5 e4 4. Bb5+ c6 5. dxc6 bxc6 6. Ba4 Bc5 7. Ne2 Qb6 8. d4 exd3 9. cxd3 Nf6 10. d4 Bb4+ 11. Bd2 Nd5 12. Nbc3 0-0 13. 0-0 Bd6 14. Ne4 c5 15. Nxd6 Qxd6 16. Ng3 Nb6 17. Bc2 cxd4 18. Ne4 Qd8 19. Kh1 Bf5 20. Qh5 Qc8 21. Nf6+ 1-0

[Event "BCF-chT3Sb 1617 (4NCL)"]
[Site "England"]
[Date "2017.02.12"]
[Round "6.75"]
[White "Calvert, David Ian"]
[Black "Bennion, David"]
[Result "1-0"]
[WhiteElo "1908"]
[BlackElo "1997"]
[PlyCount "28"]
[EventDate "2016.11.26"]
[EventType "team-tourn"]
[EventRounds "11"]
[EventCountry "ENG"]
[SourceTitle "EXT 2019"]
[Source "ChessBase"]
[SourceDate "2018.10.10"]
[SourceVersion "1"]
[SourceVersionDate "2018.10.10"]
[SourceQuality "1"]
[WhiteTeam "Iceni"]
[BlackTeam "Shropshire"]
[WhiteTeamCountry "ENG"]
[BlackTeamCountry "ENG"]

1. b3 e5 2. Bb2 Nc6 3. e3 d5 4. Bb5 f6 5. d4 e4 6. c4 a6 7. cxd5 axb5 8. dxc6 bxc6 9. Qc2 Bb4+ 10. Nc3 Ne7 11. Nge2 f5 12. 0-0-0 0-0 13. Rhf1 Nd5 14. Nxd5 cxd5 1-0

[Event "North Wales op"]
[Site "Colwyn Bay"]
[Date "2016.07.02"]
[Round "3"]
[White "Jameson, David"]
[Black "Bennion, David"]
[Result "1-0"]
[WhiteElo "2125"]
[BlackElo "1965"]
[PlyCount "79"]
[EventDate "2016.07.01"]
[EventType "swiss"]
[EventRounds "5"]
[EventCountry "WLS"]
[SourceTitle "EXT 2019"]
[Source "ChessBase"]
[SourceDate "2018.10.10"]
[SourceVersion "1"]
[SourceVersionDate "2018.10.10"]
[SourceQuality "1"]

1. d4 d5 2. c4 e6 3. Nc3 Nf6 4. Bg5 Bb4 5. e3 0-0 6. Nf3 c5 7. cxd5 Bxc3+ 8. bxc3 Qa5 9. Bxf6 Qxc3+ 10. Nd2 gxf6 11. Rc1 Qa3 12. Rxc5 Nd7 13. Rc2 e5 14. Nc4 Qb4+ 15. Qd2 Qb1+ 16. Rc1 Qg6 17. f3 exd4 18. Qxd4 Ne5 19. Nxe5 fxe5 20. Qxe5 Bd7 21. Qg3 Rac8 22. Rxc8 Rxc8 23. Qxg6+ hxg6 24. Kd2 Rc5 25. e4 f5 26. Bd3 Ra5 27. Bc4 fxe4 28. fxe4 Ra4 29. Kd3 Ra3+ 30. Bb3 a5 31. Kc2 b5 32. d6+ Kf8 33. Rf1+ Ke8 34. Rf3 a4 35. Bf7+ Kf8 36. Rxa3 Kxf7 37. Kc3 Ke6 38. Kb4 Ke5 39. Rg3 Kxe4 40. Rxg6 1-0

[Event "Margate Thanet op"]
[Site "Margate"]
[Date "2013.08.17"]
[Round "3"]
[White "Ackley, Peter JE"]
[Black "Bennion, David"]
[Result "1-0"]
[WhiteElo "2092"]
[BlackElo "1965"]
[PlyCount "111"]
[EventDate "2013.08.16"]
[EventType "swiss"]
[EventRounds "5"]
[EventCountry "ENG"]
[SourceTitle "EXT 2019"]
[Source "ChessBase"]
[SourceDate "2018.10.10"]
[SourceVersion "1"]
[SourceVersionDate "2018.10.10"]
[SourceQuality "1"]

1. Nf3 d5 2. c4 e6 3. g3 Nf6 4. Bg2 Be7 5. 0-0 Nc6 6. b3 Ng4 7. Bb2 d4 8. d3 h5 9. Na3 h4 10. Nc2 Nxf2 11. Kxf2 g5 12. Nfxd4 Ne5 13. Nf3 hxg3+ 14. hxg3 Ng4+ 15. Ke1 Rh6 16. Qd2 Qd6 17. Kd1 Qxg3 18. Nce1 e5 19. Kc2 Bc5 20. Qxg5 Ne3+ 21. Kd2 Nxf1+ 22. Bxf1 Bb4+ 23. Bc3 Qxg5+ 24. Nxg5 a5 25. Bg2 Rg6 26. Ngf3 e4 27. dxe4 Raa6 28. a3 Bf8 29. Ne5 Rg3 30. Bf3 Bg7 31. N5d3 Bf8 32. Be5 Rg1 33. Bh2 Rgg6 34. Bxc7 a4 35. b4 Bg7 36. Be5 Bh6+ 37. Kc3 Rge6 38. Bd4 Red6 39. e5 Bd2+ 40. Kxd2 Rxd4 41. Kc3 Rd8 42. Nc5 Rh6 43. Ned3 b6 44. Nxa4 Bf5 45. Rh1 Rxh1 46. Bxh1 Bg4 47. Nxb6 Bxe2 48. Nf4 Bf1 49. Bc6+ Kf8 50. Nfd5 Bg2 51. a4 Bxd5 52. Nxd5 Rc8 53. b5 f5 54. exf6 Kf7 55. a5 Ke6 56. Bd7+ 1-0

[Event "Margate Thanet op"]
[Site "Margate"]
[Date "2013.08.16"]
[Round "1"]
[White "Bennion, David"]
[Black "Gant, Chris"]
[Result "1-0"]
[WhiteElo "1965"]
[BlackElo "2156"]
[PlyCount "73"]
[EventDate "2013.08.16"]
[EventType "swiss"]
[EventRounds "5"]
[EventCountry "ENG"]
[SourceTitle "EXT 2019"]
[Source "ChessBase"]
[SourceDate "2018.10.10"]
[SourceVersion "1"]
[SourceVersionDate "2018.10.10"]
[SourceQuality "1"]

1. e4 c5 2. Nf3 Nc6 3. d4 cxd4 4. Nxd4 g6 5. Nc3 Bg7 6. Be3 Nf6 7. f3 0-0 8. Qd2 d5 9. Nxc6 bxc6 10. exd5 cxd5 11. Bd4 Bb7 12. 0-0-0 Qc7 13. h4 e5 14. Nb5 Qb8 15. Bc5 Rd8 16. h5 Bc6 17. hxg6 Bxb5 18. Be7 fxg6 19. Bxd8 Qxd8 20. Bxb5 Qb6 21. Ba4 Rb8 22. Bb3 Kh8 23. c3 a5 24. Qc2 d4 25. cxd4 exd4 26. Rh4 a4 27. Bxa4 Nd5 28. Rdh1 d3 29. Rxh7+ Kg8 30. Rxg7+ Kxg7 31. Qd2 Rc8+ 32. Kb1 Nc3+ 33. Ka1 Nxa4 34. Qh6+ Kf6 35. Qf4+ Kg7 36. Qxa4 d2 37. Qd7+ 1-0

[Event "Politiken Cup 34th"]
[Site "Helsingor"]
[Date "2012.08.03"]
[Round "8"]
[White "Aartun, Eivind"]
[Black "Bennion, David"]
[Result "1-0"]
[WhiteElo "1777"]
[BlackElo "2007"]
[PlyCount "65"]
[EventDate "2012.07.28"]
[EventType "swiss"]
[EventRounds "10"]
[EventCountry "DEN"]
[SourceTitle "CBM 149 Extra"]
[Source "ChessBase"]
[SourceDate "2012.08.24"]
[SourceVersion "1"]
[SourceVersionDate "2012.08.24"]
[SourceQuality "1"]

1. e4 e5 2. Nf3 Nc6 3. Bb5 a6 4. Ba4 Nf6 5. 0-0 b5 6. Bb3 Nxe4 7. Re1 d5 8. Nc3 Nxc3 9. dxc3 Be6 10. a4 b4 11. a5 f6 12. Ba4 Qd6 13. cxb4 Kf7 14. Bxc6 Qxc6 15. Rxe5 Re8 16. c3 Bd6 17. Nd4 Qd7 18. Rxe6 Rxe6 19. Nxe6 Qxe6 20. Be3 h5 21. Qd3 h4 22. Rd1 c6 23. Bc5 Bc7 24. Qxa6 Re8 25. Be3 Qd6 26. Kf1 Rxe3 27. fxe3 Qxh2 28. Qe2 Bg3 29. Qf3 g5 30. Ke2 Kg6 31. a6 h3 32. Rf1 Bf4 33. Qxh3 1-0

[Event "Politiken Cup 34th"]
[Site "Helsingor"]
[Date "2012.08.02"]
[Round "7"]
[White "Bennion, David"]
[Black "Aartun, Magnus"]
[Result "1-0"]
[WhiteElo "2007"]
[BlackElo "1800"]
[PlyCount "47"]
[EventDate "2012.07.28"]
[EventType "swiss"]
[EventRounds "10"]
[EventCountry "DEN"]
[SourceTitle "CBM 149 Extra"]
[Source "ChessBase"]
[SourceDate "2012.08.24"]
[SourceVersion "1"]
[SourceVersionDate "2012.08.24"]
[SourceQuality "1"]

1. e4 d5 2. exd5 Qxd5 3. Nc3 Qd6 4. d4 Nf6 5. Nb5 Qb6 6. Be3 Nd5 7. a4 a6 8. Nc3 Nxe3 9. fxe3 e5 10. Bc4 Qxb2 11. Nge2 exd4 12. Bxf7+ Kxf7 13. 0-0+ Kg8 14. Qxd4 Qb6 15. Rxf8+ Kxf8 16. Qd8+ Kf7 17. Rf1+ Ke6 18. Qxh8 Qxe3+ 19. Kh1 Bd7 20. Qg8+ Kd6 21. Rd1+ Kc5 22. Qf8+ Kc4 23. Nd5 Qc5 24. Qf4+ 1-0

[Event "Politiken Cup 34th"]
[Site "Helsingor"]
[Date "2012.08.01"]
[Round "6"]
[White "Christenson, Bjorn Aa"]
[Black "Bennion, David"]
[Result "1-0"]
[WhiteElo "1888"]
[BlackElo "2007"]
[PlyCount "69"]
[EventDate "2012.07.28"]
[EventType "swiss"]
[EventRounds "10"]
[EventCountry "DEN"]
[SourceTitle "CBM 149 Extra"]
[Source "ChessBase"]
[SourceDate "2012.08.24"]
[SourceVersion "1"]
[SourceVersionDate "2012.08.24"]
[SourceQuality "1"]

1. e4 e5 2. Nf3 Nc6 3. Bb5 a6 4. Ba4 Nf6 5. 0-0 b5 6. Bb3 Nxe4 7. d4 d5 8. dxe5 Be6 9. c3 Be7 10. Nbd2 Nc5 11. Bc2 0-0 12. Nb3 Bg4 13. Nxc5 Bxc5 14. Qd3 g6 15. Bf4 Bxf3 16. Qxf3 f6 17. Bb3 Ne7 18. Bh6 c6 19. Bxf8 Qxf8 20. exf6 Nf5 21. Rfe1 Nd6 22. Re6 Kh8 23. Bc2 Nf7 24. h4 Qh6 25. Rae1 Rf8 26. g3 g5 27. Qh1 g4 28. Kg2 Nd6 29. Qf1 Rxf6 30. Rxf6 Qxf6 31. Qe2 Nf7 32. Qe8+ Kg7 33. Qe2 Kg8 34. Qxg4+ Kf8 35. Qf3 1-0

[Event "BCF-chT2 1011 (4NCL) North"]
[Site "England"]
[Date "2011.01.15"]
[Round "3"]
[White "Dean, Robert A"]
[Black "Bennion, David"]
[Result "0-1"]
[WhiteElo "1882"]
[BlackElo "2014"]
[PlyCount "80"]
[EventDate "2010.11.06"]
[EventType "team-swiss"]
[EventRounds "9"]
[EventCountry "ENG"]
[SourceTitle "EXT 2012"]
[Source "ChessBase"]
[SourceDate "2011.11.24"]
[SourceVersion "1"]
[SourceVersionDate "2011.11.24"]
[SourceQuality "1"]

1. e4 e5 2. Nf3 Nc6 3. Bb5 a6 4. Ba4 Nf6 5. 0-0 Be7 6. Re1 b5 7. Bb3 0-0 8. a4 b4 9. d3 d6 10. Nbd2 Bd7 11. Nf1 Nh5 12. c3 Rb8 13. Ba2 Nf4 14. Bxf4 exf4 15. d4 b3 16. Bb1 Qc8 17. Qd2 Na5 18. Qxf4 Nc4 19. Re2 Nb6 20. Ne3 g6 21. a5 Bb5 22. Re1 Na4 23. Nd5 Bd8 24. e5 Nxb2 25. Nf6+ Bxf6 26. exf6 Re8 27. Bxg6 hxg6 28. Qh6 Rxe1+ 29. Rxe1 Qf8 30. Qh4 Re8 31. Rb1 Be2 32. Ng5 Bh5 33. g4 Nc4 34. gxh5 Qh6 35. Rxb3 gxh5 36. Rb7 Qxf6 37. Rxc7 Re1+ 38. Kg2 Ne3+ 39. Kh3 Qf5+ 40. Kg3 Rg1# 0-1

[Event "BCF-chT2d 0809 (4NCL) Demotion pool"]
[Site "Hinckley Island"]
[Date "2009.05.03"]
[Round "11.5"]
[White "Clark, Ian C"]
[Black "Bennion, David"]
[Result "0-1"]
[WhiteElo "2093"]
[BlackElo "2030"]
[PlyCount "82"]
[EventDate "2008.10.04"]
[EventType "team-tourn"]
[EventRounds "4"]
[EventCountry "ENG"]
[SourceTitle "EXT 2010"]
[Source "ChessBase"]
[SourceDate "2010.11.25"]
[SourceVersion "1"]
[SourceVersionDate "2010.11.25"]
[SourceQuality "1"]
[WhiteTeam "Wessex II"]
[BlackTeam "South Wales Dragons II"]
[WhiteTeamCountry "ENG"]
[BlackTeamCountry "ENG"]

1. e4 e5 2. f4 exf4 3. Bc4 Nc6 4. Nf3 d6 5. d4 g5 6. 0-0 g4 7. Bxf4 gxf3 8. Qxf3 Qf6 9. e5 dxe5 10. dxe5 Qg6 11. Nc3 Be6 12. Bxe6 fxe6 13. Rad1 Bc5+ 14. Kh1 Rd8 15. Ne4 Rxd1 16. Rxd1 Be7 17. Qd3 Kf8 18. Rf1 Kg7 19. Rf3 Qf5 20. Bh6+ Nxh6 21. Rxf5 Nxf5 22. g4 Rd8 23. Qe2 Ncd4 24. Qf2 Bh4 25. Ng3 Nxg3+ 26. hxg3 Bg5 27. b4 Nc6 28. Qc5 Rd5 29. Qc4 Rxe5 30. b5 Ne7 31. Qxc7 Rxb5 32. a4 Rb1+ 33. Kg2 Kg6 34. Qe5 Rb6 35. Qe4+ Kg7 36. a5 Rc6 37. Qd4+ Bf6 38. Qxa7 Rxc2+ 39. Kf3 Rb2 40. Qe3 Nc6 41. g5 Rb3 0-1

[Event "EU Union-ch 4th"]
[Site "Liverpool"]
[Date "2008.09.10"]
[Round "2"]
[White "Bennion, David"]
[Black "Cruz Alvarez de Ron, Dan"]
[Result "0-1"]
[WhiteElo "2063"]
[BlackElo "2278"]
[PlyCount "52"]
[EventDate "2008.09.09"]
[EventType "swiss"]
[EventRounds "10"]
[EventCountry "ENG"]
[SourceTitle "CBM 126 Extra"]
[Source "ChessBase"]
[SourceDate "2008.11.05"]
[SourceVersion "1"]
[SourceVersionDate "2008.11.05"]
[SourceQuality "1"]

1. d4 Nf6 2. c4 g6 3. Nc3 d5 4. cxd5 Nxd5 5. e4 Nxc3 6. bxc3 c5 7. Be3 Bg7 8. Bc4 0-0 9. Ne2 Nc6 10. 0-0 Qc7 11. f4 Bg4 12. e5 cxd4 13. cxd4 Nxe5 14. Bb3 Nc6 15. Rc1 Qd7 16. d5 Na5 17. Re1 Rfd8 18. Rc5 b6 19. Rc2 Nxb3 20. axb3 e6 21. Qc1 Qxd5 22. Ng3 Qxb3 23. f5 Bxf5 24. Nxf5 exf5 25. Bg5 Re8 26. Rd1 h6 0-1

[Event "WLS-ch"]
[Site "Hensol Park"]
[Date "2007.04.08"]
[Round "4"]
[White "Bennion, David"]
[Black "White, Ernest Michael"]
[Result "0-1"]
[WhiteElo "2106"]
[BlackElo "1971"]
[PlyCount "44"]
[EventDate "2007.04.06"]
[EventType "swiss"]
[EventRounds "7"]
[EventCountry "WLS"]
[SourceTitle "CBM 118 Extra"]
[Source "ChessBase"]
[SourceDate "2007.07.04"]
[SourceVersion "1"]
[SourceVersionDate "2007.07.04"]
[SourceQuality "1"]

1. d4 f5 2. Nf3 g6 3. Nc3 Bg7 4. e4 fxe4 5. Nxe4 d5 6. Neg5 Qd6 7. Bd3 Nc6 8. c3 h6 9. Nh3 Bxh3 10. gxh3 0-0-0 11. Be3 Kb8 12. Nh4 e5 13. Nxg6 exd4 14. cxd4 Nxd4 15. Nxh8 Bxh8 16. Qa4 Nf3+ 17. Kf1 d4 18. Be4 dxe3 19. Bxf3 Bd4 20. Qb3 Qa6+ 21. Be2 Qf6 22. f3 Qh4 0-1